Úloha a význam dokumentov v medzinárodnom obchode diplomová práca

Gespeichert in:
Bibliographische Detailangaben
1. Verfasser: Zaťko, Marian
Körperschaft: Obchodná fakulta EU. Katedra medzinárodného obchodu
Weitere Verfasser: Pullmanová, Terézia, 1953-
Format: Buch
Sprache:Slowakisch
Veröffentlicht: Bratislava 2013
Tags: Tag hinzufügen
Keine Tags, Fügen Sie das erste Tag hinzu!

MARC

LEADER 00000nbm a2200000 4500
001 0169639
005 20161109102317.0
041 0 |a slo 
044 |a SK 
245 1 0 |a Úloha a význam dokumentov v medzinárodnom obchode  |b diplomová práca  |c Marian Zaťko ; školiteľ: Terézia Pullmanová 
264 1 |a Bratislava  |c 2013 
300 |a 60 s. 
100 1 |a Zaťko, Marian 
700 1 |a Pullmanová, Terézia, 1953- 
710 2 |a Obchodná fakulta EU. Katedra medzinárodného obchodu